Quizzes
Events
Quiz Creation
Community
Videos
Private Events
Remove Ads
Sign In
Join for FREE
Feedback
Dark Mode
Quiz Categories
Sports
Geography
Music
Movies
Television
Just For Fun
Miscellaneous
History
Literature
Language
Science
Gaming
Entertainment
Religion
Holiday
For Kids
Quiz Lab
Recent
Popular Today
Quiz Kudos Today
Editor Picks
Curator Picks
Quizzes by...
Day
Popularity
Type
Ratings
Length
Year
Community
Subscriptions
Recent Discussions
Orange Saloon
Badges
Playlists
Quests
Create
Leaderboards
Showdown
Live 5
Trivia Bingo
Activity
Puzzle Library
Sporcle Events
Private Events
Virtual Trivia
Globe League
Become a Host
Pub Owners
SporcleCon
Opinionation
Our Games
Videos
Blog
Mobile Apps
Partnerships
Remove Ads and Go Orange
Feedback
Geography
Country
Landmarks
City
State
Population
World
Capital
Continent
Flags
Europe
Africa
Asia
South America
North America
Oceania
Border
Canada
United Kingdom
Topography
United States
Geography
Country
Landmarks
City
State
Population
World
Capital
Continent
Flags
Europe
Africa
Asia
South America
North America
Oceania
Border
Canada
United Kingdom
Topography
United States
Random Quiz
Search Sporcle
×
Quiz Lab
Quiz Lab
Geography
United States
Select answers by clicking on text or image buttons
Select answers by clicking on text or image buttons
Clickable
Best Score? Go Orange.
National Park by State Stats
Can you pick the National Park by its given state ?
By
Matt_Mussorgsky
10m
50 Questions
119 Plays
119 Plays
119 Plays
Comments
Comments
Give Quiz Kudos
Give Quiz Kudos
-
- Ratings
hide this ad
More Info
Forced Order
Answers have to be entered in order
Answers have to be entered in order
Replay
Link that replays current quiz
Next Quiz
Link to next quiz in quiz playlist
You Got
0%
They Got
Avg Score
61%
Avg Friend Score
Upgrade to see
Score Distribution
Jump to the score distribution portion of the page
Score
0/50
Timer
10:00
0
Plays Today
% Correct
Florida
93.3%
Arizona
88.2%
Hawaii
88.2%
Colorado
86.6%
New York
86.6%
Delaware
85.7%
Wyoming
84.9%
Massachusetts
84%
Washington
83.2%
California
82.4%
Oregon
82.4%
Utah
80.7%
Kentucky
79.8%
Maine
79.8%
Tennessee
79.8%
New Mexico
78.2%
Montana
77.3%
South Dakota
77.3%
Arkansas
76.5%
Michigan
75.6%
Vermont
75.6%
Virginia
75.6%
Ohio
70.6%
Texas
70.6%
North Dakota
68.9%
% Correct
Idaho
67.2%
North Carolina
67.2%
Missouri
63.9%
Alabama
63%
Alaska
60.5%
Indiana
58%
Nevada
58%
Minnesota
57.1%
New Hamphire
57.1%
South Carolina
57.1%
Georgia
54.6%
Kansas
54.6%
West Virginia
52.9%
New Jersey
39.5%
Wisconsin
37%
Mississippi
35.3%
Maryland
30.3%
Louisiana
29.4%
Nebraska
28.6%
Connecticut
26.9%
Pennsylvania
24.4%
Rhode Island
17.6%
Oklahoma
13.4%
Illinois
10.9%
Iowa
5%
Quiz Playlist
Details
Report
Send in Message
Add To Playlist
More Info:
Match the correct United States National Park/Reservation/Forest/etc. with its home state.
Clickable:
Select answers by clicking on text or image buttons
Forced Order:
Answers have to be entered in order
Last Updated: Feb 16, 2017
Quiz Scoreboard
CHALLENGE
Sign Up to Join the Scoreboard
Show All
Scores
Hide
Comments
May contain spoilers
Recently Published
Movies - When Are They Set?
by FPL_Elf
Movies
5m
Popular People in 1961
by mucciniale
History
6m
1-10 Letter E Words III
by El_Dandy
Language
2m
More to Explore
Quiz From the Vault
Featured Blog Post
Where Did the Easter Bunny Come From?
hide this ad
You Might Also Like...
Tags
State Quiz
United States Quiz
forest
national
National Forests
National Parks
Reservation
Reserve
River
Travel
US National
Today's Top Quizzes in Geography
Browse Geography
hide this ad
Today's Top Quizzes in United States
Browse United States
Top Contributed Quizzes in Geography
1
Countries of the World - No Outlines Minefield
2
Top 25 Cities of France on a map
3
Closest Countries to UK A-Z
4
One Thing in Common: United Kingdom
5
Any capital of a 'B' country per Continent
6
Blind Secret Country CLXXXVIII
7
African Flag Reveal XLV
8
Blind Ultimate Minefield: USA
9
Find the US States - No Outlines
10
One Thing in Common: Asia
Explore More
Trending Topics
NBA
Crossword
Kpop
Anime
Marvel
Harry Potter
Disney
WWE
Soccer
Country
Song
NFL
Pokémon
The Office
Puzzle
hide this ad
More By:
Matt_Mussorgsky
Quiz
Plays
Rating
Category
Featured
Created
Classical Composers
382
2.75
Music
Jan 24, 2016
Classical Composers
333
2.67
Music
May 10, 2015
Canadian Capitals
294
4.00
Geography
Jun 5, 2016
Orchestral Instruments
207
Music
Jan 30, 2016
Opera, Symphony, Ballet ?
160
1.67
Music
Jun 19, 2016
Go to Creator's Profile
Score Distribution
Quiz Creator Spotlight
Matt_Mussorgsky
Follow
Send a Message
Quizzes Created
-
Created Quiz Play Count
-
More By This Creator
Popular Quizzes Today
1
Find the Countries of Europe - No Outlines Minefield
2
Find the US States - No Outlines Minefield
3
The Countries of the World
4
Popular People in 1961
5
US States
6
1-10 Letter E Words III
7
Find the US States
8
One Thing in Common: World Cities II
More Geography Quizzes
Click the Closest Capitals to Poland
Quiz Lab
Trending Quizzes
Risky Map Clicking: Least Populous States A-Z
1-10 Letter F Words
1-10 Letter G Words
One Thing in Common: United Kingdom
Risky Map Clicking: Next State Alphabetically
Recently Updated
Leaping Animals
pecheneg
Reality TV Shows (A-Z)
bhenderson79
Rickey Henderson's Hall of Fame Teammates
pecheneg
Champions League XIs: Arsenal
pecheneg
Quick Pick: Celebrities in WWE's Hall of Fame
aduchscher
A-Z Keypad Blitz II
pecheneg
Multiple Oscar Actors
pecheneg
Mystery Phrase Blitz: Oscar 'Best Actors'
pecheneg
F. Scott Fitzgerald Novels
LTH
Pick 3 Villains
ddd62291
Trending Topics
Anime
Kpop
NBA
Harry Potter
Crossword
Disney
Marvel
NFL
Country
Pokémon
Puzzle
Song
Soccer
WWE
The Office
Your Account Isn't Verified!
In order to create a playlist on Sporcle, you need to verify the email address you used during registration. Go to your
Sporcle Settings
to finish the process.
Report this User
Report this user for behavior that violates our
Community Guidelines
.
Details:
Send Report
Go to the Sporcle.com Mobile Site →
Comments